New Commentary on Holy Scriptures Including the Apocrypha (Record no. 18961)
[ view plain ]
| 000 -LEADER | |
|---|---|
| fixed length control field | 00629nam a2200241 a 4500 |
| 020 ## - INTERNATIONAL STANDARD BOOK NUMBER | |
| ISBN | |
| 082 00 - DEWEY DECIMAL CLASSIFICATION NUMBER | |
| Classification number | 220 |
| Author Cutter | GOR |
| 100 ## - MAIN ENTRY--AUTHOR NAME | |
| Author name | Gore, Charles |
| 245 ## - TITLE STATEMENT | |
| Title | New Commentary on Holy Scriptures Including the Apocrypha |
| 260 ## - PUBLICATION, DISTRIBUTION, ETC. (IMPRINT) | |
| Place of publication | London |
| Name of publisher | Society for Promoting Christian Knowledg |
| Year of publication | 1928 |
| 300 ## - PHYSICAL DESCRIPTION | |
| Number of Pages | 743p |
| 500 ## - GENERAL NOTE | |
| General note | includes index and biblioraphy |
| 505 2# - FORMATTED CONTENTS NOTE | |
| Formatted contents note | Conclusion |
| 650 ## - SUBJECT ADDED ENTRY--TOPICAL TERM | |
| Topical Term | Bible-Commentaries |
| 942 ## - ADDED ENTRY ELEMENTS (KOHA) | |
| Koha item type | Books |
| 700 1# - | |
| -- | Gore, Charles |
| Collection code | Home library | Current library | Shelving location | Date acquired | Cost, normal purchase price | Full call number | Accession Number | Koha item type |
|---|---|---|---|---|---|---|---|---|
| Reference | Henry Martyn Institute Library | Henry Martyn Institute Library | Reference | 06/14/2007 | 100.00 | 220 GOR | 11000157 | Archive Book |
